University Home | Library Home | Institutional Repository

Red hot salsa: (Record no. 121210)

MARC details
000 -LEADER
fixed length control field 00614cam a2200169 4500
008 - FIXED-LENGTH DATA ELEMENTS--GENERAL INFORMATION
fixed length control field 141208n 000 0 eng u
020 ## - INTERNATIONAL STANDARD BOOK NUMBER
International Standard Book Number 9780805076165
035 ## - SYSTEM CONTROL NUMBER
System control number (Sirsi) a186657
050 ## - LIBRARY OF CONGRESS CALL NUMBER
Classification number PS591.H58
Item number RED 2005
245 ## - TITLE STATEMENT
Title Red hot salsa:
Remainder of title bilingual poems on being young and latino in the United States /
Statement of responsibility, etc. edited by Lori Marie Carlson; introduction by Oscar Hijuelos
260 ## - PUBLICATION, DISTRIBUTION, ETC.
Place of publication, distribution, etc. New York:
Name of publisher, distributor, etc. Henry Holt
Date of publication, distribution, etc. 2005.
300 ## - PHYSICAL DESCRIPTION
Extent xiv, 140p.
650 ## - SUBJECT ADDED ENTRY--TOPICAL TERM
Topical term or geographic name entry element American poetry -- Hispanic American authors
650 ## - SUBJECT ADDED ENTRY--TOPICAL TERM
Topical term or geographic name entry element Hispanic American -- Poetry
700 ## - ADDED ENTRY--PERSONAL NAME
Personal name Carlson, Lori M.
700 ## - ADDED ENTRY--PERSONAL NAME
Personal name Hijuelos, Oscar
Holdings
Withdrawn status Lost status Source of classification or shelving scheme Damaged status Not for loan Home library Current library Shelving location Total Checkouts Full call number Barcode Date last seen Copy number Price effective from Koha item type
    Library of Congress Classification     Main Library Main Library On Shelf   PS 591.H58 RED 2005 33729005247098 08/22/2019 1 08/22/2019 Book
    Library of Congress Classification     Main Library Main Library On Shelf   PS 591.H58 RED 2005 33729005247155 08/22/2019 2 08/22/2019 Book
© 2026 - The University of Zambia Library - Koha v25.11